Os mais belos contos de Grimm (Registo nº 4225)

Detalhes MARC
000 -Etiqueta do registo
Cabeçalho 00965nam0a2200301 4500
005 - Identificador da versão
Campo de controlo 20240813122055.0
010 ## - Número internacional normalizado dos livros (ISBN)
Número (ISBN) 9722610058
021 ## - Número do Depósito Legal
Código do país PT
Número 55879/92
100 ## - Dados gerais de processamento
Dados gerais de processamento 20170210d1994 a y0pory5003 ba
102 ## - Pais de publicação ou produção
País de publicação Portugal
101 1# - Língua de publicação
Língua do texto, banda sonora, etc. Português
Língua do documento no original Inglês
215 ## - Descrição física 
Indicação específica da natureza do documento e extensão da espécie 98, [2] p.
Outras indicações físicas il. color
200 1# - Titulo e menção de responsabilidade
Título próprio Os mais belos contos de Grimm
Primeira menção de responsabilidade il. Alexander Koshkin
Outras menções de responsabilidade trad. Maria José Costa
225 1# - Colecção 
Título próprio da colecção Grandes ilustradores da escola russa
210 ## - Publicação, Distribuição, etc. 
Lugar da edição, distribuição, etc. [Porto]
Nome do editor, distribuidor, etc. Civilização
Data da publicação, distribuição, etc. cop. 1992
Data da impressão imp. 1994
300 ## - Notas gerais 
Texto da nota Metas Curriculares
Texto da nota PNL
606 ## - Nome comum usado como assunto
Número de registo de entrada de autoridade 0001462
Palavra de ordem Literatura alemã
Subdivisão de assunto Conto
Código do sistema CA
675 ## - Classificação Decimal Universal (CDU)
Notação 821.112.2-34
Edição 3ª ed.
Língua da edição por
702 #1 - Nome de autor-pessoa física (responsabilidade secundária)
Número de registo de entrada de autoridade 0000896
Palavra de ordem Koshkin
Outra parte do nome não tomada para palavra de ordem Alexander
Código de função Ilustrador / Técnico de desenho computorizado
Número de registo de entrada de autoridade 0000548
Palavra de ordem Costa
Outra parte do nome não tomada para palavra de ordem Maria José
Código de função Tradutor
701 #1 - Nome de autor-pessoa física (co-responsabilidade principal)
Palavra de ordem Grimm
Outra parte do nome não tomada para palavra de ordem Wilhelm
Elementos de identificação ou distinção e outro
Datas 1786-1859
Código de função Autor / Co-autor
700 #1 - Nome de autor-pessoa física (responsabilidade principal)
Número de registo de entrada de autoridade 0001707
Palavra de ordem Grimm
Outra parte do nome não tomada para palavra de ordem Jacob
Elementos de identificação ou distinção e outro
Datas 1785-1863
966 ## - Identificação da Biblioteca
Sigla EBVEN
942 ## - Elementos de entrada adicionados (Koha)
Tipo de item no Koha Livro
Exemplares
Situação do levantamento Origin of item (home branch) (coded) Biblioteca de empréstimo Código de barras Cota Circulation type (not for loan) Tipo de documento Nota do exemplar Damaged status
  Biblioteca Escolar das Vendas Biblioteca Escolar das Vendas BEV115 8EST GRI MET PNL   Livro Sem mensagem